| 000 | 00990pam a2200277 a 4500 | ||
|---|---|---|---|
| 999 |
_c523626 _d523626 |
||
| 001 | 2946042 | ||
| 003 | NUST | ||
| 005 | 20190516075254.0 | ||
| 008 | 900927r19911990nyu 000 1 eng | ||
| 010 | _a 90084897 | ||
| 020 |
_a0892964561 : _c$16.95 |
||
| 038 | _a0 | ||
| 040 |
_aDLC _cDLC _dDLC |
||
| 050 | 0 | 0 |
_aPR1309.D4 _bC56 1991 |
| 082 | 0 | 0 |
_a823/.087208 _220 |
| 245 | 0 | 2 |
_aA Classic English crime / _cedited by Tim Heald. |
| 260 |
_aNew York : _bMysterious Press, _c[1991] |
||
| 300 |
_a215 p. ; _c24 cm. |
||
| 500 | _a"13 stories for the Christie Centenary from the Crime Writers' Association." | ||
| 650 | 0 |
_aDetective and mystery stories, English. _98920 |
|
| 700 | 1 |
_aHeald, Tim. _914372 |
|
| 710 | 2 |
_aCrime Writers' Association (Great Britain) _914373 |
|
| 906 |
_a7 _bcbc _corignew _d3 _eopcn _f19 _gy-gencatlg |
||
| 942 |
_2ddc _cBK |
||